Samospráva a jej výkon v podmienkach obcí s výrazným zastúpením rómskeho obyvateľstva

Výkon miestnej samosprávy v špecifických podmienkach. Deformácia fungovania slovenskej obecnej samosprávy. Návrh riešenia faktickej deformácie slovenskej obecnej samosprávy a možnosti ich presadenia v slovenskom právnom poriadku.

Saved in:
Bibliographic Details
Main Author: Tekeli, Jozef
Format: Book Chapter
Language:Slovak
Subjects:
Tags: Add Tag
No Tags, Be the first to tag this record!

MARC

LEADER 00000naa a2200000 4500
001 0156538
005 20231208082130.7
041 0 |a slo 
044 |a SK 
245 1 0 |a Samospráva a jej výkon v podmienkach obcí s výrazným zastúpením rómskeho obyvateľstva  |c Jozef Tekeli 
520 |a Výkon miestnej samosprávy v špecifických podmienkach. Deformácia fungovania slovenskej obecnej samosprávy. Návrh riešenia faktickej deformácie slovenskej obecnej samosprávy a možnosti ich presadenia v slovenskom právnom poriadku. 
610 2 0 |a Slovensko 
610 2 0 |a samospráva 
610 2 0 |a samospráva miestna 
610 2 0 |a Rómovia 
610 2 0 |a legislatíva 
610 2 0 |a obce 
100 1 |a Tekeli, Jozef